LEADER 00933nam a2200229 i 4500 001 000000155080 003 CaOOAMICUS 005 20061102000000.0 008 061102s1931 fr u000 u fre u 013 $a132429 040 $aSeMil$bita 100 1 $aEygun, Francois.$0(OLS)http://semarc/name/60670 245 10$aArchitecture romane /$cpar F. Eygun archiviste paléographe. 260 $a[Paris] :$bBloud & Gay,$c1931. 300 $a244 p., [10] planches ;$c19 cm. 490 0 $aBibliothèque catholique des sciences religieuses ;$v43 500 $aContiene : Bibliographie. 830 0$aBibliothèque catholique des sciences religieuses ;$v43.$0(OLS)http://semarc/title/20005 850 $aSeMil 852 $aSeMil$W1$xVenegono$y1$m5Q I 25$j106931$B106931$CSeMilBibl$Z2$F116189 $81 996 $6245$aArchitecture romane$9(OLS)http://semarc/title/227089 996 $6260$a[Paris] :$bBloud & Gay$9(OLS)http://semarc/publisher/33099 LEADER 01513nam a2200253 i 4500 001 000000190014 003 CaOOAMICUS 005 20260203093320.0 008 160712s1966 it u000 u ita u 040 $aSeMil$bita 245 00$aRituale dei sacramenti e dei sacramentali /$capprovato dalla Commissione Episcopale Italiana per la Sacra Liturgia e confermato dal «Consilium ad Exequendam Constitutionem de Sacra Liturgia». 264 1$a[S.l.] :$bDaverio ;$a[Città del Vaticano] :$bLibreria Editrice Vaticana ;$aCasale Monferrato :$bMarietti,$c1966. 300 $a191 p. ;$c17 cm. 650 4$aLibri liturgici - Rituali - Sacramenti e Sacramentali - Rito romano.$0(OLS)http://semarc/subject/59447 710 0 $aConferenza Episcopale Italiana : Commissione Episcopale per la Sacra Liturgia.$0(OLS)http://semarc/name/71050 710 2 $aChiesa Cattolica : Consiglio per l'esecuzione della Costituzione sulla Sacra Liturgia.$0(OLS)http://semarc/name/69506 850 $aSeMil 852 $aSeMil$W1$xVenegono$y1$m3KK II 57$j266894$B140645$CSeMilBibl$Z2$F152221 $81 961 $aLascito: Gariboldi don Angelo 996 $6245$aRituale dei sacramenti e dei sacramentali$9(OLS)http://semarc/title/273686 996 $6264$a[S.l.] :$bDaverio$9(OLS)http://semarc/publisher/50185 996 $6264$a[Città del Vaticano] :$bLibreria Editrice Vaticana$9(OLS)http://semarc/publisher/33859 996 $6264$aCasale Monferrato :$bMarietti$9(OLS)http://semarc/publisher/29936